MARC details
| 000 -LEADER |
| campo de control de longitud fija |
02632nam a2200481 i 4500 |
| 001 - NÚMERO DE CONTROL |
| campo de control |
194897 |
| 003 - IDENTIFICADOR DE NÚMERO DE CONTROL |
| campo de control |
SpMaBN |
| 005 - FECHA Y HORA DE LA ÚLTIMA TRANSACCIÓN |
| campo de control |
20250825062651.0 |
| 007 - CAMPO FIJO DE DESCRIPCIÓN FÍSICA--INFORMACIÓN GENERAL |
| campo de control de longitud fija |
ta |
| 008 - DATOS DE LONGITUD FIJA--INFORMACIÓN GENERAL |
| campo de control de longitud fija |
230613s2023 sp a | ||||o000 0 spa |
| 017 ## - NÚMERO DE COPYRIGHT O DE DEPÓSITO LEGAL |
| Número de copyright o de depósito legal |
M 31105-2022 (v. 1) |
| -- |
M 17241-2023 (v. 2) |
| Agencia que asigna |
Oficina Depósito Legal Madrid |
| 020 ## - NÚMERO INTERNACIONAL ESTÁNDAR DEL LIBRO |
| Número Internacional Estándar del Libro |
9788490917145 |
| Información calificativa |
obra completa edición impresa |
| 020 ## - NÚMERO INTERNACIONAL ESTÁNDAR DEL LIBRO |
| ISBN cancelado o inválido |
978-84-9091-728-2 |
| Información calificativa |
obra completa edición en línea |
| 020 ## - NÚMERO INTERNACIONAL ESTÁNDAR DEL LIBRO |
| Número Internacional Estándar del Libro |
9788490917299 |
| Información calificativa |
volumen 1, edición impresa |
| 020 ## - NÚMERO INTERNACIONAL ESTÁNDAR DEL LIBRO |
| Número Internacional Estándar del Libro |
9788490917664 |
| Información calificativa |
volumen 2, edición impresa |
| 020 ## - NÚMERO INTERNACIONAL ESTÁNDAR DEL LIBRO |
| ISBN cancelado o inválido |
978-84-9091-730-1 |
| Información calificativa |
volumen 1, edición en línea |
| 020 ## - NÚMERO INTERNACIONAL ESTÁNDAR DEL LIBRO |
| ISBN cancelado o inválido |
978-84-9091-765-7 |
| Información calificativa |
volumen 2, edición en línea |
| 024 7# - IDENTIFICADOR DE OTROS ESTÁNDARES |
| Número estándar o código |
NIPO 083-22-319-8 |
| Información calificativa |
volumen 1, edición impresa |
| Fuente del número o código |
nipo |
| 024 7# - IDENTIFICADOR DE OTROS ESTÁNDARES |
| Número estándar o código |
NIPO 083-23-136-3 |
| Información calificativa |
volumen 2 edición impresa |
| Fuente del número o código |
nipo |
| 024 7# - IDENTIFICADOR DE OTROS ESTÁNDARES |
| Número estándar o código cancelado o inválido |
NIPO 083-22-320-0 |
| Información calificativa |
volumen 1 edición en línea |
| Fuente del número o código |
nipo |
| 024 7# - IDENTIFICADOR DE OTROS ESTÁNDARES |
| Número estándar o código cancelado o inválido |
NIPO 083-23-137-9 |
| Información calificativa |
volumen 2 edición en línea |
| Fuente del número o código |
nipo |
| 040 ## - FUENTE DE CATALOGACIÓN |
| Centro catalogador/agencia de origen |
SpMaBN |
| Lengua de catalogación |
spa |
| Centro/agencia transcriptor |
SpMaBN |
| Normas de descripción |
rda |
| Centro/agencia modificador |
ES-MaACL |
| 080 ## - NÚMERO DE LA CLASIFICACIÓN DECIMAL UNIVERSAL |
| Número de la Clasificación Decimal Universal |
725.1(460.41):355 |
| 100 ## - ENTRADA PRINCIPAL--NOMBRE DE PERSONA |
| Nombre de persona |
Álvarez Prieto, José Félix, |
| Fechas asociadas al nombre |
1941- |
| Término indicativo de función/relación |
Autor |
| 9 (RLIN) |
233774 |
| 245 10 - MENCIÓN DEL TÍTULO |
| Título |
Arquitectura militar de las islas Canarias / |
| Mención de responsabilidad, etc. |
José Félix Álvarez Prieto |
| 264 #1 - PRODUCCIÓN, PUBLICACIÓN, DISTRIBUCIÓN, FABRICACIÓN Y COPYRIGHT |
| Producción, publicación, distribución, fabricación y copyright |
Madrid : |
| Nombre del de productor, editor, distribuidor, fabricante |
Ministerio de Defensa, |
| Fecha de producción, publicación, distribución, fabricación o copyright |
2023 |
| 300 ## - DESCRIPCIÓN FÍSICA |
| Extensión |
2 volúmenes (356 ; 496 páginas) : |
| Otras características físicas |
ilustraciones (blanco y negro y color), planos (blanco y negro y color) ; |
| Dimensiones |
30 cm |
| 336 ## - TIPO DE CONTENIDO |
| Término de tipo de contenido |
Texto |
| -- |
Imagen fija |
| Fuente |
rdacontent |
| 337 ## - TIPO DE MEDIO |
| Nombre/término del tipo de medio |
sin mediación |
| Fuente |
rdamedia |
| 338 ## - TIPO DE SOPORTE |
| Nombre/término del tipo de soporte |
volumen |
| Fuente |
rdacarrier |
| 504 ## - NOTA DE BIBLIOGRAFÍA, ETC. |
| Nota de bibliografía, etc. |
Referencias bibliográficas |
| 505 0# - NOTA DE CONTENIDO CON FORMATO |
| Nota de contenido con formato |
Vol. 1. Lanzarote, Fuerteventura y Gran Canaria - v. 2. La Gomera, La Palma y Tenerife |
| 520 ## - RESUMEN, ETC. |
| Sumario, etc. |
Arquitectura militar en las islas Canarias es un ambicioso estudio acerca de los castillos, fortalezas, baluartes y sistemas defensivos de este archipiélago. Estas construcciones han estado inevitablemente ligadas a la acción de los piratas y de los ataques navales de franceses, ingleses, holandeses, argelinos y turcos y, por tanto, son un testigo de la historia de las islas desde el siglo XV al XIX. |
| 650 #4 - PUNTO DE ACCESO ADICIONAL DE MATERIA--TÉRMINO DE MATERIA |
| Término de materia o nombre geográfico como elemento de entrada |
Arquitectura militar- |
| Subdivisión geográfica |
Canarias |
| 9 (RLIN) |
236518 |
| 655 #7 - TERMINO DE INDIZACIÓN--GENERO/FORMA |
| Datos o término principal de género/forma |
Libros ilustrados |
| Fuente del término |
tgfbne |
| 9 (RLIN) |
193653 |
| 710 1# - ENTRADA AGREGADA--NOMBRE DE ENTIDAD CORPORATIVA |
| Nombre de entidad corporativa o nombre de jurisdicción como elemento de entrada |
España. |
| Unidad subordinada |
Ministerio de Defensa |
| Término indicativo de función/relación |
Editor |
| 9 (RLIN) |
3853 |
| 852 ## - LOCALIZACIÓN |
| Ubicación |
ES-MaACL |
| Ubicación en estantería |
Depósito J |
| Donativo/Legado |
Donación Ministerio de Defensa |
| Número de control de estantería |
N-9896 |
| Designación de la unidad física |
v. 1 |
| itemnumber |
202678 |
| 852 ## - LOCALIZACIÓN |
| Ubicación |
ES-MaACL |
| Ubicación en estantería |
Depósito J |
| Donativo/Legado |
Donación Ministerio de Defensa |
| Número de control de estantería |
N-9897 |
| Designación de la unidad física |
v. 2 |
| itemnumber |
202679 |
| 942 ## - ELEMENTOS DE ENTRADA SECUNDARIOS (KOHA) |
| Tipo de ítem Koha |
Libro impreso |
| Suprimir en OPAC |
No |